000 00424nam a2200157Ia 4500
008 100122s9999 xx 000 0 und d
082 _b72287
_a822
100 _aदातार चेतन
245 _aसावल्या
250 _a1
260 _bअविष्कार प्रकाशन
_c2007
300 _a132
630 _aसावल्या
730 _aसावल्या
942 _cBOOK
999 _c388153
_d388150